| 000 -LEADER |
| fixed length control field |
00434pab a2200157 454500 |
| 008 - FIXED-LENGTH DATA ELEMENTS--GENERAL INFORMATION |
| fixed length control field |
180718b1983 xxu||||| |||| 00| 0 eng d |
| 100 ## - MAIN ENTRY--PERSONAL NAME |
| Personal name |
Brennan, Geoffre |
| 245 ## - TITLE STATEMENT |
| Title |
Government expenditure growth and resource allocation |
| Remainder of title |
The nebulous connection |
| 260 ## - PUBLICATION, DISTRIBUTION, ETC. |
| Date of publication, distribution, etc. |
1983 |
| 300 ## - PHYSICAL DESCRIPTION |
| Extent |
351-65 |
| 362 ## - DATES OF PUBLICATION AND/OR SEQUENTIAL DESIGNATION |
| Dates of publication and/or sequential designation |
Nov. |
| 650 ## - SUBJECT ADDED ENTRY--TOPICAL TERM |
| Topical term or geographic name entry element |
Expenditures, Government |
| 700 ## - ADDED ENTRY--PERSONAL NAME |
| Personal name |
Jonathan J. Pincus |
| 773 ## - HOST ITEM ENTRY |
| Main entry heading |
Oxford Economic papers |
| 909 ## - |
| -- |
7928 |